<?xml version="1.0" encoding="UTF-8"?><marc:collection xmlns:marc="http://www.loc.gov/MARC21/slim">
  <marc:record>
    <marc:leader>00000nam##2200000za#4500</marc:leader>
    <marc:controlfield tag="001">9.651895</marc:controlfield>
    <marc:controlfield tag="003">CaOODSP</marc:controlfield>
    <marc:controlfield tag="005">20240209132417</marc:controlfield>
    <marc:controlfield tag="007">ta</marc:controlfield>
    <marc:controlfield tag="008">150407|2005||||xxc|||||     f|0| 0 eng|d</marc:controlfield>
    <marc:datafield tag="040" ind1=" " ind2=" ">
      <marc:subfield code="a">CaOODSP</marc:subfield>
      <marc:subfield code="b">eng</marc:subfield>
    </marc:datafield>
    <marc:datafield tag="043" ind1=" " ind2=" ">
      <marc:subfield code="a">n-cn---</marc:subfield>
    </marc:datafield>
    <marc:datafield tag="086" ind1="1" ind2=" ">
      <marc:subfield code="a">Iu89-4/54-2005E</marc:subfield>
    </marc:datafield>
    <marc:datafield tag="110" ind1="2" ind2=" ">
      <marc:subfield code="a">Atlantic Canada Opportunities Agency.</marc:subfield>
    </marc:datafield>
    <marc:datafield tag="245" ind1="1" ind2="0">
      <marc:subfield code="a">Roundtable on improving competitiveness and productivity in Atlantic Canada / </marc:subfield>
      <marc:subfield code="c">prepared by Atlantic Provinces Community College Consortium (APCCC). </marc:subfield>
    </marc:datafield>
    <marc:datafield tag="260" ind1=" " ind2=" ">
      <marc:subfield code="a">Grand Falls-Windsor - Newfoundland and Labrador : </marc:subfield>
      <marc:subfield code="b">Atlantic Canada Opportunities Agency </marc:subfield>
      <marc:subfield code="c">[2005?].</marc:subfield>
    </marc:datafield>
    <marc:datafield tag="300" ind1=" " ind2=" ">
      <marc:subfield code="a">67p. : </marc:subfield>
      <marc:subfield code="b">map, references ; </marc:subfield>
      <marc:subfield code="c">28 cm.</marc:subfield>
    </marc:datafield>
    <marc:datafield tag="500" ind1=" " ind2=" ">
      <marc:subfield code="a">"This policy research is sponsored by the Atlantic Canada Opportunity Agency (ACOA) under the Atlantic Policy Research Initiative."</marc:subfield>
    </marc:datafield>
    <marc:datafield tag="504" ind1=" " ind2=" ">
      <marc:subfield code="a">Bibliography.</marc:subfield>
    </marc:datafield>
    <marc:datafield tag="520" ind1="3" ind2=" ">
      <marc:subfield code="a">The Atlantic Provinces Community College Consortium (APCCC) coordinated a Roundtable to better understand issues impacting competitiveness and productivity, and to identify creative and innovative solutions/enhancements to improve the competitiveness and productivity of Atlantic Canada.</marc:subfield>
    </marc:datafield>
    <marc:datafield tag="563" ind1=" " ind2=" ">
      <marc:subfield code="a">Cerlox</marc:subfield>
    </marc:datafield>
    <marc:datafield tag="590" ind1=" " ind2=" ">
      <marc:subfield code="a">10-06</marc:subfield>
      <marc:subfield code="b">2010-02-12</marc:subfield>
    </marc:datafield>
    <marc:datafield tag="690" ind1="0" ind2="7">
      <marc:subfield code="a">Atlantic provinces</marc:subfield>
      <marc:subfield code="2">gcpds</marc:subfield>
    </marc:datafield>
    <marc:datafield tag="690" ind1="0" ind2="7">
      <marc:subfield code="a">Competitiveness</marc:subfield>
      <marc:subfield code="2">gcpds</marc:subfield>
    </marc:datafield>
    <marc:datafield tag="690" ind1="0" ind2="7">
      <marc:subfield code="a">Productivity</marc:subfield>
      <marc:subfield code="2">gcpds</marc:subfield>
    </marc:datafield>
    <marc:datafield tag="775" ind1="0" ind2="8">
      <marc:subfield code="t">Table ronde sur les moyens d'améliorer la compétitivité et la productivité au Canada atlantique / </marc:subfield>
      <marc:subfield code="w">(CaOODSP)9.684893</marc:subfield>
    </marc:datafield>
    <marc:datafield tag="776" ind1="0" ind2="#">
      <marc:subfield code="t">Roundtable on Improving Competitiveness and Productivity in Atlantic Canada. Appendix I, : </marc:subfield>
      <marc:subfield code="w">(CaOODSP)9.694051</marc:subfield>
    </marc:datafield>
    <marc:datafield tag="776" ind1="0" ind2="#">
      <marc:subfield code="t">Roundtable on improving competitiveness and productivity in Atlantic Canada - final report </marc:subfield>
      <marc:subfield code="w">(CaOODSP)9.694069</marc:subfield>
    </marc:datafield>
    <marc:datafield tag="776" ind1="0" ind2="#">
      <marc:subfield code="t">Roundtable on improving competitiveness and productivity in Atlantic Canada. Appendix III, : </marc:subfield>
      <marc:subfield code="w">(CaOODSP)9.694071</marc:subfield>
    </marc:datafield>
    <marc:datafield tag="776" ind1="0" ind2="#">
      <marc:subfield code="t">Roundtable on Improving Competitiveness and Productivity in Atlantic Canada. Appendix IV, : </marc:subfield>
      <marc:subfield code="w">(CaOODSP)9.694072</marc:subfield>
    </marc:datafield>
    <marc:datafield tag="776" ind1="0" ind2="#">
      <marc:subfield code="t">Roundtable on improving competitiveness and productivity in Atlantic Canada. Appendix II, : </marc:subfield>
      <marc:subfield code="w">(CaOODSP)9.694070</marc:subfield>
    </marc:datafield>
  </marc:record>
</marc:collection>
